| 000 | 00466nam a22001457a 4500 | ||
|---|---|---|---|
| 008 | 131216b xxu||||| |||| 00| 0 eng d | ||
| 020 | _a0002712156 | ||
| 050 | _aSPC DT12.25.M39 1991 | ||
| 100 |
_aMatthiessen, Peter _95803 |
||
| 245 | _aAfrican silences | ||
| 260 |
_aLondon _bHarvill _c1991 |
||
| 300 |
_aix; 225p. _c21cm |
||
| 650 |
_aMatthiessen, Peter - Travel - Africa; Natural history - Africa ; Africa - Description & travel _95804 |
||
| 942 |
_2lcc _cMONOGRAPH |
||
| 999 |
_c119294 _d119294 |
||